Bienvenue à la Médiathèque de Saint-Andiol
banniere
Accueil Recherche avancée Mon compte
handi1 Rechercher dans le catalogue

Filtre   Mots-clés
  Recherche avancée
 
Lister les dernières nouveautés
 
Lister les livres GROS CARACTERES
 
Lister les périodiques (magazines)

handi1 Madame la mort

Book Cover
Auteur principal : Ernst
Autres auteurs : Zidrou
Titre : Madame la mort
Support : Livres
Langue : Francais
Publié : DL 2015 Bamboo édition Charnay-lès-Mâcon
Series : Boule à zéro
Genre : Bande Dessinée (enfants)
Collection : Boule à zéro
Sujets :
Étiquettes :
Pas de tags
LEADER 01618nam0a2200229 450
001 16868348
010 |a 978-2-8189-3238-4  |b rel.  |d 10,9 € 
100 |a 20260529d2026 u u0frey01 ba 
101 0 |a fre 
102 |a FR 
200 0 |a Madame la mort  |f dessins, Ernst  |g scénario, Zidrou - couleurs, Laurent Carpentier 
207 1 |a   
210 |a Charnay-lès-Mâcon  |c Bamboo édition  |d DL 2015 
215 |a 1 vol. (48 p.)  |c ill. en coul.  |d 30 cm 
225 1 |a Boule à zéro  |v 4 
330 |a Bonjour, je m'appelle Zita. Zita Sayyah. Mais ici, à l'hôpital La Gaufre, tout le monde m'appelle « Boule à zéro ». J'habite au 6e étage. Celui qui est réservé aux enfants accidentés ou atteints d'une maladie grave. Moi, je souffre d'une espèce de leucémie. J'en souffre même depuis 9 ans et ça commence à faire long ! Je partage ma chambre - la 612 - avec Évelyne. Évelyne, elle, souffre d'une tumeur située derrière le fornix. Dans le cerveau, quoi ! Avec le temps, Évelyne est devenue plus qu'une copine pour moi : une soeur. Bon, sa maman et son futur beau-père sont deux racistes de première, mais Évelyne, elle, elle est super ! Entre elle et moi, c'est à la vie à la mort ! Mauvaise nouvelle : la tumeur d'Évelyne a grossi. On doit l'opérer mercredi. Alors moi, j'ai décidé de lui remonter le moral. Une amie, ça sert à ça, non ? 
461 0 |t Boule à zéro  |v 4 
700 0 |a Ernst  |f 1954-....  |4 440 
702 0 |a Zidrou  |f 1962-....  |4 70 
900 |a Bande Dessinée (enfants) 
901 |a Jeunesse 
995 |a Médiathèque  |c Médiathèque  |f 089021912  |h 089021912  |k BD BOU  |o p  |q j  |r az  |e Médiathèque